LEADER 01128nam 2200409 450 001 9910466830103321 005 20200520144314.0 010 $a1-4232-3484-7 035 $a(CKB)3710000001417662 035 $a(MiAaPQ)EBC4877031 035 $a(Au-PeEL)EBL4877031 035 $a(CaPaEBR)ebr11403643 035 $a(OCoLC)993078025 035 $a(EXLCZ)993710000001417662 100 $a20190123d2016 uy 0 101 0 $aeng 135 $aurcnu|||||||| 181 $ctxt$2rdacontent 182 $cc$2rdamedia 183 $acr$2rdacarrier 200 00$aAnatomy of the organs 210 1$a[Place of publication not identified] :$cBarCharts, Inc.,$d[2016] 215 $a1 online resource (6 pages) 225 1 $aQuick Study Academic 311 $a1-4232-3463-4 410 0$aQuickStudy academic. 606 $aOrgans (Anatomy)$vPopular works 608 $aElectronic books. 615 0$aOrgans (Anatomy) 676 $a612.028 801 0$bMiAaPQ 801 1$bMiAaPQ 801 2$bMiAaPQ 906 $aBOOK 912 $a9910466830103321 996 $aAnatomy of the organs$92078926 997 $aUNINA LEADER 03481nam 2200613 450 001 9910798989303321 005 20230710053356.0 010 $a1-4426-5409-0 010 $a1-4426-3856-7 024 7 $a10.3138/9781442654099 035 $a(CKB)3710000000922477 035 $a(DE-B1597)479329 035 $a(OCoLC)992471913 035 $a(DE-B1597)9781442654099 035 $a(Au-PeEL)EBL4730386 035 $a(CaPaEBR)ebr11292545 035 $a(OCoLC)962152952 035 $a(MiAaPQ)EBC4730386 035 $a(MdBmJHUP)musev2_107575 035 $a(EXLCZ)993710000000922477 100 $a20161110h19941994 uy 0 101 0 $aeng 135 $aurcnu|||||||| 181 $2rdacontent 182 $2rdamedia 183 $2rdacarrier 200 04$aThe Eldon House diaries $efive women's views of the 19th century /$fedited with an introduction by Robin S. Harris and Terry G. Harris 210 1$aToronto, [Ontario] :$cUniversity of Toronto Press,$d1994. 210 4$dİ1994 215 $a1 online resource (647 pages) $cillustrations (some color), maps 225 1 $aThe publications of the Champlain Society. Ontario series ;$v15 311 $a1-4426-3141-4 320 $aIncludes bibliographical references and index. 327 $aCover; Contents; Foreword to the Ontario series by the Honourable Bob Rae, Premier of Ontario; Preface; Introduction; The Eldon House Diaries; The Nature of the Diaries; The Diarists; Beginnings; Who was John Harris?; Who was Amelia Ryerse?; The Kingston Years; Life at Port Ryerse; A New Life in London; The Matriarch of Eldon House; Early Trials and Challenges; A Troubled Household; The Declining Powers of the Matriarch; The View from Eldon House; Life at Eldon House; Social Life and Entertainment; Courtship, Betrothal, and Marriage; Religion and Politics; Health and Healing.; The World Beyond EldonThe End of a Matriarchy; The Eldon House Diaries; The Diary of Charlotte Owen Harris; The Diary of Amelia Ryerse Harris; The Diary of Sophia Ryerson Harris; The Diary of Lucy Ronalds Harris; The Diary of Amelia Archange Harris; Appendices; 1. The Harris Family Tree; 2. John and Amelia Harris' Wedding Certificate, 28 June 1815; 3. Extracts from Amelia Harris, 'Historical Memorandum, ' 1859, 1879; 4. Last Will & Testament of John Harris, 1837; 5. Maurice Portman, Address to the Electors of the the East Riding of Middlesex, 11 June 1861; 6. Last Will & Testament of Amelia Ryerse Harris, 1871, with 1878 and 1882 codicils7. Amelia Harris, 'A Memorandum for my Children, ' 22 January 1881; Bibliography; Index 330 $aA considerable corpus of family papers within the Eldon House and prominent among these papers is a collection of diaries that are excerpted in this volume, encapsulating the personalities, activities, and voices of the Harrises of London. 410 0$aPublications of the Champlain Society.$pOntario series ;$v15. 606 $aWomen$zOntario$zLondon$vDiaries 607 $aLondon (Ont.)$xHistory 607 $aLondon (Ont.)$xDescription and travel 608 $aHistory. 608 $aDiaries. 608 $aElectronic books. 615 0$aWomen 676 $a971.326 702 $aHarris$b Robin Sutton$f1919- 702 $aHarris$b Terry G. 712 02$aChamplain Society. 801 0$bMiAaPQ 801 1$bMiAaPQ 801 2$bMiAaPQ 906 $aBOOK 912 $a9910798989303321 996 $aThe Eldon House diaries$93691483 997 $aUNINA LEADER 03266nam 22005775 450 001 9910299405403321 005 20200707023304.0 010 $a3-662-55239-6 024 7 $a10.1007/978-3-662-55239-1 035 $a(CKB)4100000001381706 035 $a(DE-He213)978-3-662-55239-1 035 $a(MiAaPQ)EBC5210878 035 $a(PPN)222228768 035 $a(EXLCZ)994100000001381706 100 $a20171228d2018 u| 0 101 0 $aeng 135 $aurnn|008mamaa 181 $ctxt$2rdacontent 182 $cc$2rdamedia 183 $acr$2rdacarrier 200 10$aImaging the Rupture Processes of Earthquakes Using the Relative Back-Projection Method $eTheory and Applications /$fby Hao Zhang 205 $a1st ed. 2018. 210 1$aBerlin, Heidelberg :$cSpringer Berlin Heidelberg :$cImprint: Springer,$d2018. 215 $a1 online resource (XI, 117 p. 47 illus., 37 illus. in color.) 225 1 $aSpringer Theses, Recognizing Outstanding Ph.D. Research,$x2190-5053 311 $a3-662-55237-X 320 $aIncludes bibliographical references. 327 $aIntroduction -- Generalized array imaging on rupture processes of earthquakes: Principle and Theoretical Tests -- Relative back-projection method and its application to the 2008 Wenchuan, China earthquake -- Imaging the rupture process of the 2010 Mw 8.8 Chilean earthquake using the relative back-projection method -- Three sub-event rupture in the 2011 Mw 9.0 Tohoku, Japan earthquake revealed by teleseimsic P waves -- Multi-fault rupture and successive triggering during the 2012 Mw 8.6 Sumatra earthquake -- Discussion, conclusions and prospectives. 330 $aThis thesis adopts the relative back-projection method to dramatically reduce ?swimming? artifacts by identifying the rupture fronts in the time window of a reference station; this led to a faster and more accurate image of the rupture processes of earthquakes. Mitigating the damage caused by earthquakes is one of the primary goals of seismology, and includes saving more people?s lives by devising seismological approaches to rapidly analyze an earthquake?s rupture process. The back-projection method described in this thesis can make that a reality.   . 410 0$aSpringer Theses, Recognizing Outstanding Ph.D. Research,$x2190-5053 606 $aGeophysics 606 $aNatural disasters 606 $aSedimentology 606 $aGeophysics/Geodesy$3https://scigraph.springernature.com/ontologies/product-market-codes/G18009 606 $aNatural Hazards$3https://scigraph.springernature.com/ontologies/product-market-codes/G32000 606 $aSedimentology$3https://scigraph.springernature.com/ontologies/product-market-codes/G17080 615 0$aGeophysics. 615 0$aNatural disasters. 615 0$aSedimentology. 615 14$aGeophysics/Geodesy. 615 24$aNatural Hazards. 615 24$aSedimentology. 676 $a551.22 700 $aZhang$b Hao$4aut$4http://id.loc.gov/vocabulary/relators/aut$01058046 801 0$bMiAaPQ 801 1$bMiAaPQ 801 2$bMiAaPQ 906 $aBOOK 912 $a9910299405403321 996 $aImaging the Rupture Processes of Earthquakes Using the Relative Back-Projection Method$92546113 997 $aUNINA